Most Popular Serif Fonts - Statistics

General Stats
  • This quiz has been taken 12 times
  • The average score is 2 of 10
Answer Stats
# Answer % Correct
2 Garamond
100%
1 Caslon
18%
3 Freight Text
9%
8 ITC Clearface
9%
9 Noe
9%
4 Ogg
9%
6 Plantin
9%
10 Romana
9%
7 GT Sectra
0%
5 Tiempos Text
0%
No matching quizzes found
Score Distribution
Percent of People with Each Score
Percentile by Number Answered
Your Score History
You have not taken this quiz